Nazioni Vincitori Coppa del Mondo di sci alpino - Donne - Statistics

Statistiche generali
  • Questo quiz è stato fatto 34 volte
  • Il punteggio medio è 10 su 12
Statistiche sulle risposte
Continente Coppe femminili Nazione % Corretto
America del Nord 2 Canada
100%
America del Nord 10 Stati Uniti
100%
Europa 17 Austria
97%
Europa 1 Francia
97%
Europa 4 Germania
97%
Europa 2 Italia
97%
Europa 13 Svizzera
97%
Europa 3 Svezia
93%
Europa 3 Croazia
70%
Europa 1 Slovenia
70%
Europa 2 Liechtenstein
50%
Europa 1 Slovacchia
50%
Nessun quiz corrispondente trovato
Distribuzione punteggi
Percentuale di utenti per punteggio
Percentile per numero di risposta
I tuoi punteggi nel tempo
Non hai fatto questo quiz